LIBRARY & INFORMATION CENTRE, KCAET, TAVANUR

ONLINE PUBLIC ACCESS CATALOGUE (OPAC)

Floppy disc internals / (Record no. 9603)

MARC details
000 -LEADER
fixed length control field 00451cam a2200181ua 4500
020 ## - INTERNATIONAL STANDARD BOOK NUMBER
ISBN 81 7029 480 0
041 ## - LANGUAGE CODE
Language code of text/sound track or separate title eng
082 ## - DEWEY DECIMAL CLASSIFICATION NUMBER
Classification number 004.56
Item number RAJ/FL
100 ## - MAIN ENTRY--AUTHOR NAME
Personal name Rajesh, Kapur .
245 ## - TITLE STATEMENT
Title Floppy disc internals /
250 ## - EDITION STATEMENT
Edition statement 1 /
260 ## - PUBLICATION, DISTRIBUTION, ETC. (IMPRINT)
Place of publication New Delhi :
Name of publisher B P B Publishers ,
Year of publication 1994.
300 ## - PHYSICAL DESCRIPTION
Number of Pages 107 ; .
942 ## - ADDED ENTRY ELEMENTS (KOHA)
Koha item type Books
Holdings
Withdrawn status Lost status Damaged status Home library Current library Date acquired Full call number Accession Number Koha item type
      KAUAET KAUAET 07/04/2012 004.56 20153 Books
free website counter